<?xml version="1.0" encoding="UTF-8"?>
<record
    xmlns:xsi="http://www.w3.org/2001/XMLSchema-instance"
    xsi:schemaLocation="http://www.loc.gov/MARC21/slim http://www.loc.gov/standards/marcxml/schema/MARC21slim.xsd"
    xmlns="http://www.loc.gov/MARC21/slim">

  <leader>00612pam a2200217 a 4500</leader>
  <datafield tag="020" ind1=" " ind2=" ">
    <subfield code="c">1495.00</subfield>
  </datafield>
  <datafield tag="040" ind1=" " ind2=" ">
    <subfield code="a">Medical College Lib.</subfield>
  </datafield>
  <datafield tag="041" ind1=" " ind2=" ">
    <subfield code="a">ENG</subfield>
    <subfield code="h">ENG</subfield>
  </datafield>
  <datafield tag="082" ind1=" " ind2=" ">
    <subfield code="a">617.96</subfield>
    <subfield code="b">YAO</subfield>
  </datafield>
  <datafield tag="100" ind1=" " ind2=" ">
    <subfield code="a">Yao, Fun-Sun F..</subfield>
  </datafield>
  <datafield tag="245" ind1=" " ind2=" ">
    <subfield code="a">Anesthesiology Problem-Oriented Patient Management / </subfield>
    <subfield code="c"></subfield>
    <subfield code="h">Textual Documents</subfield>
  </datafield>
  <datafield tag="250" ind1=" " ind2=" ">
    <subfield code="a">6th / </subfield>
    <subfield code="b">.</subfield>
  </datafield>
  <datafield tag="260" ind1=" " ind2=" ">
    <subfield code="a"> : </subfield>
    <subfield code="b">Lippincott Williams &amp; Wilkins , </subfield>
    <subfield code="c">2008.</subfield>
  </datafield>
  <datafield tag="300" ind1=" " ind2=" ">
    <subfield code="a">1264 : </subfield>
    <subfield code="b">CXXXiV ; </subfield>
    <subfield code="c"> . </subfield>
  </datafield>
  <datafield tag="365" ind1=" " ind2=" ">
    <subfield code="a">1495.00</subfield>
  </datafield>
  <datafield tag="653" ind1=" " ind2=" ">
    <subfield code="a">Anaesthesiology</subfield>
    <subfield code="a">Medical Science</subfield>
  </datafield>
  <datafield tag="907" ind1=" " ind2=" ">
    <subfield code="a">12156     </subfield>
  </datafield>
  <datafield tag="930" ind1=" " ind2=" ">
    <subfield code="a">7691</subfield>
  </datafield>
  <datafield tag="999" ind1=" " ind2=" ">
    <subfield code="c">7690</subfield>
    <subfield code="d">7690</subfield>
  </datafield>
  <datafield tag="952" ind1=" " ind2=" ">
    <subfield code="0">0</subfield>
    <subfield code="1">0</subfield>
    <subfield code="4">0</subfield>
    <subfield code="7">0</subfield>
    <subfield code="a">MCP</subfield>
    <subfield code="b">MCP</subfield>
    <subfield code="d">2008-03-25</subfield>
    <subfield code="e">Bharati Madhyavarti Sahakari Grahak Bhandar Ltd.  </subfield>
    <subfield code="g">1495.00</subfield>
    <subfield code="l">0</subfield>
    <subfield code="o">617.96 YAO</subfield>
    <subfield code="p">MCP-12156</subfield>
    <subfield code="r">2023-02-06 00:00:00</subfield>
    <subfield code="t">2</subfield>
    <subfield code="w">2023-02-06</subfield>
    <subfield code="y">BK</subfield>
  </datafield>
  <datafield tag="952" ind1=" " ind2=" ">
    <subfield code="0">0</subfield>
    <subfield code="1">0</subfield>
    <subfield code="4">0</subfield>
    <subfield code="7">0</subfield>
    <subfield code="a">MCP</subfield>
    <subfield code="b">MCP</subfield>
    <subfield code="d">2008-03-25</subfield>
    <subfield code="e">Bharati Madhyavarti Sahakari Grahak Bhandar Ltd.  </subfield>
    <subfield code="g">1495.00</subfield>
    <subfield code="l">0</subfield>
    <subfield code="o">617.96 YAO</subfield>
    <subfield code="p">MCP-11873</subfield>
    <subfield code="r">2023-02-06 00:00:00</subfield>
    <subfield code="t">1</subfield>
    <subfield code="w">2023-02-06</subfield>
    <subfield code="y">BK</subfield>
  </datafield>
</record>
